000 01435cam a22002655a 4500
001 L135684
008 061124s2008 xxk 000 0 eng u
020 _a9781405135559
035 _a(Sirsi) u135684
050 0 4 _a333.33 $2 18
100 1 _aBaum, Andrew
245 0 _aProperty investment appraisal
250 _a3rd ed.
260 _aOxford
_bBlackwell
_c2008
300 _av, 319p.
_c25cm.
350 _a37.50
505 2 _aProperty investment appraisal in its context -- Principles of investment analysis -- The DCF appraisal model -- The theory and practice of conventional appraisal techniques -- Contemporary growth-explicit market valuation models -- Contemporary freehold market valuations -- Contemporary leasehold market valuations -- Property investment value: the assessment of worth -- Value and price: a case study -- Conclusions
520 _aSets out the process of property investment appraisal: part one deals with investment and appraisal theory, part two with a discussion of market valuation models, and part three with contemporary market valuation models. Examines conventional methods of valuation and suggests that cash-flow methods may be more appropriate.
520 _aSupersedes 2nd edition (ISBN 0415093287).
590 _aKA
651 4 _aUnited Kingdom
_y
690 _aPROPERTY-PROPERTY FINANCE AND INVESTMENT-PROPERTY INVESTMENT APPRAISAL
700 1 _aCrosby, Neil
942 _n0
999 _c106151
_d106151